[Event "Ct. Lleida indiv. Absolut"]
[Site "Tornabous"]
[Date "2014.11.02"]
[Round "5"]
[White "Parramon Guillaumet, J."]
[Black "Dolader Roig, JM."]
[Result "0-1"]
[WhiteElo "2103"]
[BlackElo "1928"]
[PlyCount "118"]
[EventDate "2014.??.??"]
[EventType "swiss"]
[EventRounds "9"]
[EventCountry "ESP"]

1. e4 c5 2. a3 Nc6 3. b4 e6 4. b5 Nce7 5. Nf3 d5 6. exd5 Nxd5 7. c4 Ndf6 8. Bb2
Nh6 9. d3 Bd6 10. g3 Nf5 11. Bg2 a6 12. a4 axb5 13. cxb5 O-O 14. O-O Ra7 15.
Na3 Nd5 16. Nc4 b6 17. d4 cxd4 18. Nxd4 Nxd4 19. Qxd4 f6 20. Bxd5 Bc5 21. Bxe6+
Bxe6 22. Qxd8 Rxd8 23. Ne3 Rda8 24. Rfd1 Rxa4 25. Rxa4 Rxa4 26. Bc3 Ra3 27. Bd4
Bxd4 28. Rxd4 Rb3 29. Kg2 Rxb5 30. Rd6 Ba2 31. Nc2 Rb2 32. Nd4 b5 33. Rb6 b4
34. Nc6 b3 35. Na5 Rb1 36. Nc4 Rc1 37. Nb2 Rc2 38. Na4 Kf7 39. Kf3 Kg6 40. h3
Kf5 41. Ke3 h5 42. f3 Rc4 43. Nb2 Rc3+ 44. Kd4 Rxf3 45. Rb5+ Kg6 46. Nd3 Rxg3
47. Nf4+ Kf7 48. Rb7+ Ke8 49. Nxh5 Kf8 50. Nf4 g5 51. Ng6+ Ke8 52. h4 gxh4 53.
Nf4 h3 54. Ne2 Rg4+ 55. Kc3 Rg2 56. Nf4 h2 57. Rh7 Rc2+ 58. Kd4 b2 59. Nd5 Bxd5
0-1

[Event "Ct. Lleida indiv. Absolut"]
[Site "Tornabous"]
[Date "2014.11.02"]
[Round "5"]
[White "Ramon Solans, A."]
[Black "Campos Olaya, I."]
[Result "1/2-1/2"]
[WhiteElo "2400"]
[BlackElo "2333"]
[PlyCount "161"]
[EventDate "2014.??.??"]
[EventType "swiss"]
[EventRounds "9"]
[EventCountry "ESP"]

1. d4 Nf6 2. Nf3 b6 3. g3 Bb7 4. Bg2 e6 5. O-O c5 6. c4 cxd4 7. Nxd4 Bxg2 8.
Kxg2 Be7 9. Nc3 Qc8 10. b3 d5 11. Bf4 dxc4 12. Ncb5 Qb7+ 13. Kg1 Na6 14. Nd6+
Bxd6 15. Bxd6 Rd8 16. Nb5 Qc6 17. bxc4 Ne4 18. Qa4 Nxd6 19. Nxd6+ Rxd6 20. Qxa6
Rd4 21. Qxa7 O-O 22. Rfb1 Rfd8 23. Qxb6 Rd1+ 24. Rxd1 Qxb6 25. c5 Rxd1+ 26.
Rxd1 Qc7 27. c6 Kf8 28. Rc1 Ke8 29. e3 Kd8 30. Rd1+ Ke8 31. Rc1 Ke7 32. h4 e5
33. a4 Kd8 34. Rd1+ Kc8 35. Rd7 Qxc6 36. Rxf7 Qg6 37. Ra7 Kb8 38. Rd7 Qb1+ 39.
Kg2 Qe4+ 40. Kg1 Qg4 41. Re7 Qxa4 42. Rxg7 Qe4 43. Re7 Kc8 44. Kh2 Kd8 45. Rg7
Ke8 46. Kg1 Kf8 47. Rd7 Qf5 48. Rc7 Qd3 49. Ra7 Qb1+ 50. Kg2 h5 51. Rc7 Qb6 52.
Rh7 Qc6+ 53. Kg1 Qc2 54. Ra7 Qc5 55. Rh7 Qc1+ 56. Kg2 Qc6+ 57. Kg1 Qd5 58. Rc7
Kg8 59. Re7 Qd6 60. Ra7 Qc5 61. Ra6 Kg7 62. Re6 Qd5 63. Ra6 Qb7 64. Re6 Qb5 65.
Rd6 Qb4 66. Re6 Qb1+ 67. Kg2 Qe4+ 68. Kg1 Qf5 69. Rb6 Qd7 70. Ra6 Qb7 71. Re6
Qb1+ 72. Kg2 Qb2 73. Kg1 Qc1+ 74. Kg2 Qa1 75. Rd6 Qa5 76. Kg1 Qb5 77. Re6 Kf7
78. Rh6 Qd5 79. Ra6 Qb5 80. Rh6 Qd3 81. Kg2 1/2-1/2

[Event "Ct. Lleida indiv. Absolut"]
[Site "Tornabous"]
[Date "2014.11.02"]
[Round "5"]
[White "Rodon Balcells, J."]
[Black "Aribau Rivas, MA."]
[Result "1/2-1/2"]
[WhiteElo "1937"]
[BlackElo "2150"]
[PlyCount "136"]
[EventDate "2014.??.??"]
[EventType "swiss"]
[EventRounds "9"]
[EventCountry "ESP"]

1. e4 c5 2. Nf3 e6 3. b3 Nf6 4. e5 Nd5 5. c4 Ne7 6. Bb2 Nbc6 7. g3 Nf5 8. Bg2
Be7 9. O-O O-O 10. Nc3 d6 11. exd6 Bxd6 12. Nb5 Be7 13. d4 Bf6 14. Ba3 a6 15.
Bxc5 axb5 16. Bxf8 Kxf8 17. cxb5 Ncxd4 18. Kh1 Nxb5 19. Qxd8+ Bxd8 20. g4 Nh4
21. Nxh4 Bxh4 22. Rfd1 Ke7 23. f4 Nd6 24. Rd3 Bf2 25. b4 Bb6 26. a4 Bd7 27.
Rad1 Bc7 28. a5 Bc6 29. Bxc6 bxc6 30. g5 Rb8 31. Rd4 Nb5 32. Rc4 Bd6 33. Rxc6
Bxb4 34. Rb6 Rxb6 35. axb6 Bd6 36. f5 exf5 37. b7 Bb8 38. Rc1 Nc7 39. Ra1 Ne6
40. Ra8 Bd6 41. h4 Nd4 42. b8=Q Bxb8 43. Rxb8 f4 44. Kg2 Ke6 45. Rh8 Kf5 46.
Rxh7 Ne6 47. Rh8 Kg4 48. Re8 Kxh4 49. g6 Ng5 50. gxf7 Nxf7 51. Rf8 f3+ 52. Kxf3
Ng5+ 53. Kg2 g6 54. Rg8 Kh5 55. Kg3 Ne6 56. Re8 Ng7 57. Re5+ g5 58. Ra5 Ne8 59.
Re5 Nf6 60. Re6 Kg6 61. Ra6 Kf5 62. Ra5+ Kg6 63. Kf3 Kh5 64. Ra6 Kg6 65. Ra8
Kf5 66. Rf8 Kg6 67. Ke3 Kf5 68. Rf7 Kg6 1/2-1/2

[Event "Ct. Lleida indiv. Absolut"]
[Site "Tornabous"]
[Date "2014.11.02"]
[Round "5"]
[White "Ruiz Garcia, L."]
[Black "Balcells Soriguera, M."]
[Result "0-1"]
[WhiteElo "1883"]
[BlackElo "2067"]
[PlyCount "78"]
[EventDate "2014.??.??"]
[EventType "swiss"]
[EventRounds "9"]
[EventCountry "ESP"]

1. e4 c5 2. Nf3 a6 3. d4 cxd4 4. Nxd4 e6 5. Nc3 Qc7 6. Be2 Nc6 7. Nf3 Nf6 8. h3
b5 9. Bd2 b4 10. Na4 Nxe4 11. Be3 Rb8 12. Bd3 Nf6 13. Nc5 a5 14. b3 Nd5 15. Qd2
Ne5 16. Nxe5 Qxe5 17. O-O Nxe3 18. Ne4 Nd5 19. Rfe1 Qf4 20. Qe2 Be7 21. g3 Qc7
22. Qg4 O-O 23. Ng5 Bxg5 24. Qxg5 f5 25. Bc4 Bb7 26. Qd2 Qc6 27. f3 Nc3 28. Re3
d5 29. Bf1 Qd6 30. Qe1 Rbe8 31. Re5 d4 32. Bc4 Bd5 33. Bxd5 Nxd5 34. Rd1 Qb6
35. Qf2 Ne3 36. Rd3 Rc8 37. f4 Rxc2 38. Rd2 Rc1+ 39. Kh2 Qc6 0-1

[Event "Ct. Lleida indiv. Absolut"]
[Site "Tornabous"]
[Date "2014.11.02"]
[Round "5"]
[White "Sanuy Moncasi, A."]
[Black "Sole Pijuan, F."]
[Result "1/2-1/2"]
[WhiteElo "2071"]
[BlackElo "2015"]
[PlyCount "102"]
[EventDate "2014.??.??"]
[EventType "swiss"]
[EventRounds "9"]
[EventCountry "ESP"]

1. d4 {[%emt 0:00:00]} d5 2. Nf3 Nf6 3. c3 c6 4. h3 Bf5 5. Nbd2 Nbd7 6. Nh4 Bg6
7. Nxg6 hxg6 8. Nf3 Qc7 9. a4 e6 10. e3 Bd6 11. Bd3 O-O 12. O-O e5 13. dxe5
Nxe5 14. Nxe5 Bxe5 15. Qc2 Rfe8 16. b3 Rad8 17. Bb2 Qd6 18. f4 Bxc3 19. Bxc3
Rxe3 20. Bd4 Ree8 21. Bxa7 Ne4 22. Rae1 Ng3 23. Rxe8+ Rxe8 24. Rf3 Nh5 25. Qf2
Qb4 26. Bf1 Re4 27. g3 Nf6 28. Re3 Qe7 29. Bg2 Rxe3 30. Qxe3 Qa3 31. Kh2 Qa2
32. Bd4 Ne4 33. h4 f5 34. Kh3 Qb1 35. Qf3 Qc2 36. Qe3 Qb1 37. Kh2 Qc2 38. Bb6
c5 39. Qf3 d4 40. h5 gxh5 41. Qxh5 Qxb3 42. Bxe4 fxe4 43. Qe8+ Kh7 44. Qxe4+
Kg8 45. Qe8+ Kh7 46. Bd8 Qc2+ 47. Kh3 Qf5+ 48. Kg2 d3 49. Bg5 d2 50. Qh5+ Kg8
51. Qe8+ Kh7 1/2-1/2

[Event "Ct. Lleida indiv. Absolut"]
[Site "Tornabous"]
[Date "2014.11.02"]
[Round "5"]
[White "Solani Nuñez, J."]
[Black "Arno Bendicho, A."]
[Result "1-0"]
[WhiteElo "2183"]
[BlackElo "2123"]
[PlyCount "89"]
[EventDate "2014.??.??"]
[EventType "swiss"]
[EventRounds "9"]
[EventCountry "ESP"]

1. d4 e6 2. c4 d5 3. Nc3 Nf6 4. Nf3 Be7 5. Bg5 O-O 6. e3 c6 7. Rc1 Nbd7 8. Be2
dxc4 9. Bxc4 b5 10. Bd3 Bb7 11. O-O h6 12. Bh4 a6 13. Bxf6 Nxf6 14. Ne4 Qb6 15.
Ne5 Rfd8 16. Nc5 Rac8 17. Qf3 Ba8 18. h4 Bd6 19. Ng4 Be7 20. Nxf6+ Bxf6 21. Qe4
Qa7 22. f4 Qc7 23. Nxa6 Qd6 24. Nc5 Qd5 25. Qxd5 exd5 26. g3 Kf8 27. Rc3 Ke7
28. Rfc1 Kd6 29. Ra3 Rc7 30. Ra6 Ke7 31. Rc3 Rb8 32. Rca3 Bb7 33. Ra7 Kd6 34.
Kf2 g6 35. Ke2 Bd8 36. e4 dxe4 37. Bxe4 Re7 38. Kd3 f5 39. Bf3 Bb6 40. Nxb7+
Rbxb7 41. Rxb7 Rxb7 42. Ra6 Kc7 43. Ra8 Rb8 44. Rxb8 Kxb8 45. Bxc6 1-0

[Event "Ct. Lleida indiv. Absolut"]
[Site "Tornabous"]
[Date "2014.11.02"]
[Round "5"]
[White "Solani Nuñez, J."]
[Black "Gensana Berzunces, J."]
[Result "0-1"]
[WhiteElo "1919"]
[BlackElo "2042"]
[PlyCount "60"]
[EventDate "2014.??.??"]
[EventType "swiss"]
[EventRounds "9"]
[EventCountry "ESP"]

1. e4 e5 2. Bc4 Nf6 3. Nc3 Bc5 4. d3 Nc6 5. Bg5 h6 6. Bh4 g5 7. Bg3 d6 8. Na4
Bb6 9. Nxb6 axb6 10. a3 Qe7 11. Ne2 Be6 12. Bxe6 Qxe6 13. Qd2 d5 14. exd5 Nxd5
15. O-O-O b5 16. Rhe1 b4 17. a4 Rxa4 18. b3 Ra1+ 19. Kb2 Rxd1 20. Qxd1 O-O 21.
h4 Qe7 22. Rh1 g4 23. Re1 Qc5 24. Qd2 Kg7 25. Bh2 Ra8 26. Nc1 Qd4+ 27. c3 bxc3+
28. Kc2 cxd2 29. Kxd2 Qb2+ 30. Kd1 Nc3# 0-1

[Event "Ct. Lleida indiv. Absolut"]
[Site "Tornabous"]
[Date "2014.11.02"]
[Round "5"]
[White "Trepat Herranz, J."]
[Black "Llavall Sans, D."]
[Result "1/2-1/2"]
[WhiteElo "2419"]
[BlackElo "2257"]
[PlyCount "95"]
[EventDate "2014.??.??"]
[EventType "swiss"]
[EventRounds "9"]
[EventCountry "ESP"]

1. e4 e6 2. d4 d5 3. Nc3 dxe4 4. Nxe4 Nd7 5. Nf3 Ngf6 6. Bd3 Nxe4 7. Bxe4 c5 8.
c3 cxd4 9. Nxd4 Nf6 10. Bc2 Bc5 11. Be3 Bb6 12. Qe2 Nd5 13. O-O-O O-O 14. Kb1
Nxe3 15. Qxe3 Qf6 16. f4 Rd8 17. Qe4 Qg6 18. Qf3 Qf6 19. Ne2 Rb8 20. g4 g6 21.
g5 Qe7 22. h4 Bd7 23. Ng3 Bc6 24. Be4 Rxd1+ 25. Rxd1 Bxe4+ 26. Nxe4 Rd8 27. Rh1
Kg7 28. h5 Qd7 29. hxg6 hxg6 30. Rh7+ Kf8 31. Rh8+ Ke7 32. Rxd8 Qxd8 33. Nf6
Qc8 34. Qh1 Qc6 35. Qf1 Bc7 36. a3 Qd6 37. Qb5 Qc6 38. Qb4+ Bd6 39. Qd4 Qc5 40.
Qa4 b5 41. Qd1 Qf5+ 42. Ka1 Qxf4 43. Qg1 Kf8 44. Qxa7 Qf1+ 45. Ka2 Qc4+ 46. Ka1
Qf1+ 47. Ka2 Qc4+ 48. Ka1 1/2-1/2

[Event "Ct. Lleida indiv. Absolut"]
[Site "Tornabous"]
[Date "2014.11.09"]
[Round "6"]
[White "Alba Tarradelles, J."]
[Black "Sanuy Moncasi, A."]
[Result "0-1"]
[WhiteElo "2019"]
[BlackElo "2071"]
[PlyCount "55"]
[EventDate "2014.??.??"]
[EventType "swiss"]
[EventRounds "9"]
[EventCountry "ESP"]

1. d4 Nf6 2. c4 c5 3. d5 e5 4. Nc3 d6 5. e4 Be7 6. Nge2 O-O 7. Ng3 Ne8 8. Bd3
Bg5 9. O-O Bxc1 10. Rxc1 Nd7 11. Nf5 Ndf6 12. f4 Bxf5 13. exf5 Nd7 14. Ne4 exf4
15. Rxf4 Ne5 16. Bb1 Nf6 17. b3 Rb8 18. Rc3 b5 19. cxb5 Rxb5 20. Rh3 h6 21.
Rfh4 Nxe4 22. Bxe4 Re8 23. Qd2 Kf8 24. g4 Rb4 25. Qg2 Qg5 26. Bf3 Qc1+ 27. Qf1
Nxf3+ 28. Kf2 0-1

[Event "Ct. Lleida indiv. Absolut"]
[Site "Tornabous"]
[Date "2014.11.09"]
[Round "6"]
[White "Aribau Rivas, MA."]
[Black "Herreros Angrill, J."]
[Result "0-1"]
[WhiteElo "2150"]
[BlackElo "1926"]
[PlyCount "67"]
[EventDate "2014.??.??"]
[EventType "swiss"]
[EventRounds "9"]
[EventCountry "ESP"]

1. Nf3 Nf6 2. c4 c5 3. g3 b6 4. Bg2 Bb7 5. O-O e6 6. Nc3 Be7 7. b3 d5 8. cxd5
exd5 9. d4 a6 10. Bb2 O-O 11. Rc1 Nbd7 12. e3 Rc8 13. a4 Ne4 14. Nxe4 dxe4 15.
Nd2 f5 16. g4 Bd6 17. h3 Bb8 18. Re1 Qc7 19. Nf1 a5 20. gxf5 Rxf5 21. Qg4 Rcf8
22. Rc2 h6 23. h4 h5 24. Qg6 R8f6 25. Qe8+ Nf8 26. d5 Rg6 27. Ng3 Rxg3 28. Qxe4
Bxd5 29. Qxf5 Rxg2+ 30. Kf1 Be6 31. Qf3 Rg6 32. e4 Qh2 33. Qe3 Bh3+ 34. Ke2 0-1

[Event "Ct. Lleida indiv. Absolut"]
[Site "Tornabous"]
[Date "2014.11.09"]
[Round "6"]
[White "Arno Bendicho, A."]
[Black "Balcells Soriguera, M."]
[Result "1-0"]
[WhiteElo "2123"]
[BlackElo "2067"]
[PlyCount "37"]
[EventDate "2014.??.??"]
[EventType "swiss"]
[EventRounds "9"]
[EventCountry "ESP"]

1. d4 Nf6 2. c4 c5 3. Nf3 cxd4 4. Nxd4 g6 5. Nc3 Bg7 6. e4 d6 7. Be2 O-O 8. O-O
Nbd7 9. Be3 Nc5 10. f3 a6 11. Qd2 Rb8 12. Rfd1 Bd7 13. Rab1 Qc8 14. Nd5 Nxd5
15. cxd5 b5 16. Rbc1 b4 17. Nc6 Bxc6 18. Bxc5 Rd8 19. Be3 1-0

[Event "Ct. Lleida indiv. Absolut"]
[Site "Tornabous"]
[Date "2014.11.09"]
[Round "6"]
[White "Barbero Sendic, A."]
[Black "Argerich Farras, J."]
[Result "1-0"]
[WhiteElo "2415"]
[BlackElo "2171"]
[PlyCount "91"]
[EventDate "2014.??.??"]
[EventType "swiss"]
[EventRounds "9"]
[EventCountry "ESP"]

1. e4 b6 2. d4 Bb7 3. Bg5 h6 4. Bh4 Bxe4 5. d5 g5 6. Bg3 Bg7 7. Nc3 Bg6 8. Nf3
d6 9. h4 g4 10. Bb5+ c6 11. dxc6 Bxc3+ 12. bxc3 Qc7 13. Qd4 Nf6 14. Ne5 a6 15.
Nc4 O-O 16. Nxb6 axb5 17. Nxa8 Qxc6 18. Nb6 Qxg2 19. O-O-O Nc6 20. Qe3 Qe4 21.
Qxe4 Bxe4 22. Rhe1 Rb8 23. Nd7 Nxd7 24. Rxe4 Nf6 25. Ree1 Rd8 26. Rd3 Kf8 27.
Bf4 Kg7 28. f3 e5 29. Bd2 h5 30. Bg5 Ne7 31. fxg4 hxg4 32. Rxe5 dxe5 33. Rxd8
Nf5 34. Bxf6+ Kxf6 35. Rg8 Ng7 36. h5 Nxh5 37. Rxg4 Nf4 38. Kd2 Kf5 39. Rg8 Ke4
40. Rb8 f5 41. Rxb5 Nd5 42. c4 Ne3 43. Rxe5+ Kxe5 44. Kxe3 f4+ 45. Kf3 Kd4 46.
Kxf4 1-0

[Event "Ct. Lleida indiv. Absolut"]
[Site "Tornabous"]
[Date "2014.11.09"]
[Round "6"]
[White "Campos Olaya, I."]
[Black "Solani Nuñez, J."]
[Result "1-0"]
[WhiteElo "2333"]
[BlackElo "2183"]
[PlyCount "57"]
[EventDate "2014.??.??"]
[EventType "swiss"]
[EventRounds "9"]
[EventCountry "ESP"]

1. e4 c5 2. Nc3 d6 3. Bb5+ Nc6 4. d3 Nf6 5. f4 e6 6. Nf3 Be7 7. O-O O-O 8. Bxc6
bxc6 9. e5 Nd5 10. Ne4 Ba6 11. c4 Nb6 12. Be3 f5 13. Nxd6 Bxd6 14. exd6 Qxd6
15. Ne5 Nd7 16. Nxd7 Qxd7 17. Bxc5 Rfd8 18. Qa4 Bb7 19. Rf3 h6 20. Re1 g5 21.
fxg5 hxg5 22. Rfe3 Re8 23. Qd1 Qf7 24. Qe2 Rad8 25. Bxa7 e5 26. Rxe5 Rxe5 27.
Qxe5 Rxd3 28. Bd4 Kh7 29. Qd6 1-0

[Event "Ct. Lleida indiv. Absolut"]
[Site "Tornabous"]
[Date "2014.11.09"]
[Round "6"]
[White "Clua Guardia, M."]
[Black "Arnillas Moles, J."]
[Result "0-1"]
[WhiteElo "1808"]
[BlackElo "2041"]
[PlyCount "44"]
[EventDate "2014.??.??"]
[EventType "swiss"]
[EventRounds "9"]
[EventCountry "ESP"]

1. c4 e5 2. Nc3 Nc6 3. g3 Bc5 4. Bg2 f5 5. e3 Nf6 6. Nge2 O-O 7. O-O d6 8. d4
Bb6 9. b3 Qe8 10. Bb2 f4 11. dxe5 dxe5 12. exf4 Bg4 13. fxe5 Nxe5 14. Bxb7 Rd8
15. Qc2 c6 16. Nf4 Rd2 17. Qc1 Nh5 18. Na4 Nf3+ 19. Kg2 Nxf4+ 20. gxf4 Qh5 21.
h4 Qxh4 22. Rh1 Rxf2# 0-1

[Event "Ct. Lleida indiv. Absolut"]
[Site "Tornabous"]
[Date "2014.11.09"]
[Round "6"]
[White "Cortiella Valles, R."]
[Black "Trepat Herranz, J."]
[Result "1/2-1/2"]
[WhiteElo "2079"]
[BlackElo "2419"]
[PlyCount "107"]
[EventDate "2014.??.??"]
[EventType "swiss"]
[EventRounds "9"]
[EventCountry "ESP"]

1. e4 c5 2. Nc3 Nc6 3. g3 g6 4. Bg2 Bg7 5. d3 d6 6. Nge2 e6 7. Be3 Nge7 8. Qd2
Nd4 9. O-O O-O 10. Rae1 Rb8 11. Nd1 b5 12. c3 Nxe2+ 13. Qxe2 b4 14. f4 Ba6 15.
Rf2 Re8 16. Qd2 Qa5 17. cxb4 Qxb4 18. Qxb4 Rxb4 19. Rd2 Bd4 20. b3 Nc6 21. e5
d5 22. Bxd4 Rxd4 23. Bf1 Nb4 24. Nf2 c4 25. a3 Nxd3 26. Nxd3 cxd3 27. Red1 g5
28. Bxd3 Bxd3 29. Rxd3 Re4 30. Rd4 Re3 31. R1d3 Re1+ 32. Kf2 Ra1 33. Ra4 Rc8
34. Rxa7 g4 35. Rd2 Rc3 36. Rb2 d4 37. Rd7 d3 38. Rd2 Rxb3 39. R7xd3 Rbxa3 40.
Rxa3 Rxa3 41. Kg2 Kg7 42. h3 h5 43. hxg4 hxg4 44. Rd7 Kg6 45. Rb7 Ra2+ 46. Kf1
Rh2 47. Kg1 Rh7 48. Kg2 Kf5 49. Ra7 Ke4 50. Ra4+ Kf5 51. Ra7 Kg6 52. Ra8 Kg7
53. Rb8 Rh5 54. Ra8 1/2-1/2

[Event "Ct. Lleida indiv. Absolut"]
[Site "Tornabous"]
[Date "2014.11.09"]
[Round "6"]
[White "Cosialls Baz, D."]
[Black "Farre Selma, D."]
[Result "0-1"]
[WhiteElo "1964"]
[BlackElo "2053"]
[PlyCount "48"]
[EventDate "2014.??.??"]
[EventType "swiss"]
[EventRounds "9"]
[EventCountry "ESP"]

1. d4 Nf6 2. Nf3 e6 3. e3 d5 4. Bd3 c5 5. b3 Bd7 6. Bb2 Nc6 7. Nbd2 Be7 8. Ne5
cxd4 9. exd4 Nb4 10. Ndf3 Rc8 11. Ng5 O-O 12. h4 Nxd3+ 13. Qxd3 Qa5+ 14. c3 Bb5
15. Qe3 Ne4 16. Nxe4 dxe4 17. Nc4 Bxc4 18. bxc4 Rxc4 19. Kd2 Bf6 20. Kd1 Qa4+
21. Kd2 Bxd4 22. Qg3 Bf6 23. Rhc1 Rd8+ 24. Ke2 Qb5 0-1

[Event "Ct. Lleida indiv. Absolut"]
[Site "Tornabous"]
[Date "2014.11.09"]
[Round "6"]
[White "Fabrega Ramon, S."]
[Black "Sole Pijuan, F."]
[Result "0-1"]
[WhiteElo "2057"]
[BlackElo "2015"]
[PlyCount "144"]
[EventDate "2014.??.??"]
[EventType "swiss"]
[EventRounds "9"]
[EventCountry "ESP"]

1. e4 e5 2. Nf3 Nc6 3. Bc4 Bc5 4. c3 Nf6 5. d3 d6 6. Bg5 a6 7. Nbd2 Ba7 8. O-O
h6 9. Be3 Bxe3 10. fxe3 O-O 11. d4 Bg4 12. Qe1 d5 13. exd5 Nxd5 14. Qf2 Nb6 15.
Bb3 Qe7 16. Nh4 Be6 17. Qg3 Bxb3 18. axb3 Nd5 19. Nf5 Qg5 20. Qxg5 hxg5 21. Nc4
g6 22. Nh6+ Kg7 23. Ng4 e4 24. Kf2 f5 25. Nge5 Nxe5 26. Nxe5 f4 27. exf4 gxf4
28. h4 Ne3 29. Rh1 Rf5 30. g3 Raf8 31. g4 Rxe5 32. dxe5 Nxg4+ 33. Ke1 Nxe5 34.
Ra4 Nd3+ 35. Kd2 Nc5 36. Rc4 Rd8+ 37. Kc2 e3 38. Rxc5 Rd2+ 39. Kc1 c6 40. Re5
Rg2 41. Re4 Rf2 42. Kd1 Rxb2 43. Rf1 e2+ 44. Rxe2 Rb1+ 45. Kd2 Rxf1 46. Re7+
Kh6 47. Rxb7 Rb1 48. Rf7 Rxb3 49. Rxf4 Rb2+ 50. Kd3 a5 51. Rc4 Rb6 52. Kd4 Ra6
53. Ra4 Kh5 54. Kc5 Ra8 55. Kb6 Rb8+ 56. Kxc6 Rc8+ 57. Kb5 Rxc3 58. Kxa5 Rh3
59. Kb5 Rxh4 60. Ra8 Rd4 61. Kc5 Rd2 62. Rh8+ Kg4 63. Kc4 g5 64. Rg8 Kh4 65.
Rh8+ Kg3 66. Kc3 Rd6 67. Rg8 g4 68. Rg7 Kh3 69. Rh7+ Kg2 70. Rg7 g3 71. Rg5 Kh2
72. Rh5+ Kg1 0-1

[Event "Ct. Lleida indiv. Absolut"]
[Site "Tornabous"]
[Date "2014.11.09"]
[Round "6"]
[White "Gensana Berzunces, J."]
[Black "Dolader Roig, JM."]
[Result "1-0"]
[WhiteElo "2042"]
[BlackElo "1928"]
[PlyCount "77"]
[EventDate "2014.??.??"]
[EventType "swiss"]
[EventRounds "9"]
[EventCountry "ESP"]

1. e4 c5 2. Nf3 Nc6 3. c4 e5 4. d3 d6 5. Nc3 Nf6 6. Be2 Be7 7. O-O a6 8. Nd5
Bd7 9. Nxe7 Qxe7 10. Ne1 b5 11. b3 b4 12. f4 Nd4 13. f5 a5 14. Nc2 Nxc2 15.
Qxc2 a4 16. Be3 a3 17. Kf2 Ng8 18. g3 g6 19. Ke1 f6 20. Kd2 Qg7 21. Rf2 Ne7 22.
Raf1 gxf5 23. Bh5+ Kd8 24. exf5 Kc7 25. Kc1 Be8 26. Qe2 Bf7 27. Bf3 Rae8 28.
Bg2 h5 29. Be4 Rd8 30. Rg1 Rdg8 31. h3 Be8 32. Qf3 Bc6 33. Rfg2 Nxf5 34. Qxf5
Bxe4 35. dxe4 Qd7 36. g4 Rf8 37. gxh5 Rf7 38. h6 Rhh7 39. Qxh7 1-0

[Event "Ct. Lleida indiv. Absolut"]
[Site "Tornabous"]
[Date "2014.11.09"]
[Round "6"]
[White "Llavall Sans, D."]
[Black "Ramon Solans, A."]
[Result "0-1"]
[WhiteElo "2257"]
[BlackElo "2400"]
[PlyCount "150"]
[EventDate "2014.??.??"]
[EventType "swiss"]
[EventRounds "9"]
[EventCountry "ESP"]

1. e4 e5 2. Nf3 Nc6 3. Bb5 a6 4. Ba4 Nf6 5. d3 b5 6. Bb3 Be7 7. O-O d6 8. c3
Na5 9. Bc2 c5 10. h3 Bb7 11. Re1 O-O 12. Be3 Qc7 13. Nbd2 d5 14. Bg5 dxe4 15.
dxe4 h6 16. Bh4 Rfd8 17. Bg3 Nc4 18. Qe2 Nxd2 19. Nxd2 Nh7 20. Nf1 Ng5 21. h4
Ne6 22. Ne3 Nf4 23. Qg4 h5 24. Qf3 g6 25. Rad1 Rxd1 26. Rxd1 Rd8 27. Rxd8+ Qxd8
28. Bxf4 exf4 29. Qxf4 Bxh4 30. Qe5 Qe7 31. Qxe7 Bxe7 32. b3 Bf6 33. c4 b4 34.
Nd5 Bd4 35. Kf1 Kg7 36. Bd1 Kh6 37. g3 Bc8 38. Kg2 Bd7 39. Bc2 Kg7 40. Bd1 f5
41. Bc2 fxe4 42. Bxe4 g5 43. f3 Kf7 44. f4 gxf4 45. Nxf4 Kf6 46. Nxh5+ Ke5 47.
Bf3 Be3 48. g4 Bg5 49. Ng3 Kf4 50. Ne4 Be7 51. g5 Bf5 52. Nf6 Kxg5 53. Nd5 Bd6
54. Kf2 Bb1 55. Bd1 Kf5 56. Ke3 Bf8 57. Nc7 a5 58. Kd2 Ke5 59. Nb5 Ke4 60. a4
bxa3 61. Nxa3 Bd3 62. Kc3 Ke3 63. Nc2+ Ke4 64. Kb2 Bg7+ 65. Ka2 Bf1 66. Bh5 Kd3
67. Bg6+ Kd2 68. Na3 Kc3 69. Nb1+ Kb4 70. Be8 Bh6 71. Bd7 Bc1 72. Bf5 a4 73.
Bc2 axb3+ 74. Bxb3 Bxc4 75. Bxc4 Kxc4 0-1

[Event "Ct. Lleida indiv. Absolut"]
[Site "Tornabous"]
[Date "2014.11.09"]
[Round "6"]
[White "Monell Camarasa, D."]
[Black "Monfa Sole, R."]
[Result "1-0"]
[WhiteElo "2340"]
[BlackElo "2160"]
[PlyCount "43"]
[EventDate "2014.??.??"]
[EventType "swiss"]
[EventRounds "9"]
[EventCountry "ESP"]

1. d4 Na6 2. c4 c6 3. Nc3 d6 4. e4 e5 5. d5 Be7 6. f4 exf4 7. Bxf4 Nf6 8. Bd3
Nc5 9. Bc2 Qb6 10. Rb1 Ng4 11. Qd2 O-O 12. h3 Nf6 13. b4 Na6 14. c5 Qd8 15. Nf3
Nh5 16. cxd6 Bxd6 17. Bxd6 Qxd6 18. e5 Re8 19. O-O Qh6 20. Ng5 f6 21. Bxh7+ Kf8
22. exf6 1-0

[Event "Ct. Lleida indiv. Absolut"]
[Site "Tornabous"]
[Date "2014.11.09"]
[Round "6"]
[White "Sole Monistrol, F."]
[Black "Biosca Lacasa, J."]
[Result "0-1"]
[WhiteElo "1942"]
[BlackElo "2048"]
[PlyCount "128"]
[EventDate "2014.??.??"]
[EventType "swiss"]
[EventRounds "9"]
[EventCountry "ESP"]

1. d4 d5 2. Nf3 Bf5 3. g3 e6 4. Bg2 Nf6 5. O-O a5 6. c3 c6 7. a4 Nbd7 8. Nbd2
Bd6 9. Re1 O-O 10. Nh4 Ne4 11. Nxf5 exf5 12. Nf1 Re8 13. Qc2 g6 14. f3 Nef6 15.
Bg5 Qb6 16. Kh1 Re6 17. Nd2 Rae8 18. e4 dxe4 19. fxe4 fxe4 20. Nxe4 Kg7 21. Bd2
Nxe4 22. Rxe4 Nf6 23. Rxe6 Rxe6 24. Re1 Rxe1+ 25. Bxe1 Qa6 26. Kg1 Qc4 27. b3
Qe6 28. c4 Qxe1+ 29. Bf1 Ng4 30. Qe2 Qxe2 31. Bxe2 Nf6 32. Bd3 h5 33. Kg2 g5
34. Kf3 h4 35. gxh4 gxh4 36. h3 Kh6 37. c5 Bc7 38. Bf5 b6 39. Bc8 bxc5 40. dxc5
Nd5 41. Bb7 Nb4 42. Kg4 Bg3 43. Kf5 Kg7 44. Ba8 Bf2 45. Kg4 Kf6 46. Bb7 Ke5 47.
Bc8 Kd5 48. Kg5 Kxc5 49. Kf6 Nd5+ 50. Kxf7 Kb4 51. Bb7 Nf4 52. Bxc6 Nxh3 53.
Kf6 Kxb3 54. Kf5 Ng1 55. Kg4 h3 56. Bd7 h2 57. Bc6 Kb4 58. Kf4 Kc5 59. Bg2 Kd4
60. Bc6 Kd3 61. Bg2 Kd2 62. Ke4 Ne2 63. Kf3 Bg1 64. Bh1 Nc3 0-1

[Event "Ct. Lleida indiv. Absolut"]
[Site "Tornabous"]
[Date "2014.11.09"]
[Round "6"]
[White "Verdes Nadal, R."]
[Black "Palau Cabases, A."]
[Result "1-0"]
[WhiteElo "2172"]
[BlackElo "2157"]
[PlyCount "71"]
[EventDate "2014.??.??"]
[EventType "swiss"]
[EventRounds "9"]
[EventCountry "ESP"]

1. Nf3 Nf6 2. g3 g6 3. Bg2 Bg7 4. d4 d6 5. O-O O-O 6. c3 c6 7. Re1 Nbd7 8. e4
e5 9. Bg5 Qc7 10. Na3 Nb6 11. Rc1 Bg4 12. h3 Be6 13. c4 exd4 14. Nxd4 Rfe8 15.
Bf4 Qd7 16. h4 Rad8 17. b3 Bh3 18. Qd3 Bxg2 19. Kxg2 Ng4 20. Nf3 Bb2 21. Nc2
Bxc1 22. Bxc1 Ne5 23. Qc3 Nxf3 24. Qxf3 f5 25. Bb2 h6 26. Qc3 Kh7 27. exf5 gxf5
28. Rxe8 Rxe8 29. Qf6 c5 30. h5 Rg8 31. Ne3 f4 32. Nf5 f3+ 33. Kh2 Re8 34.
Qxh6+ Kg8 35. Qh8+ Kf7 36. Qg7+ 1-0

[Event "Ct. Lleida indiv. Absolut"]
[Site "Tornabous"]
[Date "2014.11.09"]
[Round "6"]
[White "Vladimirov Savov, T."]
[Black "Sole Gonzalez, E."]
[Result "0-1"]
[WhiteElo "1900"]
[BlackElo "2025"]
[PlyCount "108"]
[EventDate "2014.??.??"]
[EventType "swiss"]
[EventRounds "9"]
[EventCountry "ESP"]

1. d4 d5 2. c4 c6 3. e3 Nf6 4. Nc3 e6 5. Nf3 Nbd7 6. Bd3 Bd6 7. O-O O-O 8. Re1
Qc7 9. c5 Be7 10. e4 dxe4 11. Nxe4 Nd5 12. Nfg5 h6 13. Nh7 Kxh7 14. Qh5 Nf4 15.
Bxf4 Qxf4 16. g3 Qc7 17. Ng5+ Kg8 18. Nxe6 fxe6 19. Rxe6 Nf6 20. Rxf6 Rxf6 21.
Qe8+ Bf8 22. Re1 Rb8 23. Bc4+ Kh8 24. Qh5 Bf5 25. Re5 Qd7 26. d5 Bxc5 27. dxc6
Bxf2+ 28. Kg2 Bh3+ 29. Qxh3 Qxh3+ 30. Kxh3 Rxc6 31. Bd3 Bd4 32. Re2 Rb6 33. b3
Rf6 34. Re4 Rd6 35. Re7 Bf6 36. Re3 Rc6 37. Re2 Rd8 38. Bc4 Rcd6 39. a4 Rd2 40.
Re6 Rc2 41. Re3 Bd4 42. Re7 b6 43. g4 Bc5 44. Re4 Rxc4 45. bxc4 Rd4 46. Re5
Rxc4 47. a5 b5 48. g5 hxg5 49. Rxg5 b4 50. Rd5 b3 51. Rd3 b2 52. Rb3 Rb4 53.
Rf3 b1=Q 54. a6 Rb3 0-1